Normal view
MARC view
- اللغة العربية - الألفاظ - معاني واستعمال
Entry Topical Term
001 - CONTROL NUMBER
- control field: 39984
003 - CONTROL NUMBER IDENTIFIER
- control field: JO-AjAnu
005 - DATE AND TIME OF LATEST TRANSACTION
- control field: 20230606080638.0
008 - FIXED-LENGTH DATA ELEMENTS
- fixed length control field: 230606|| aca||aabn | a|a d
040 ## - CATALOGING SOURCE
- Original cataloging agency: JO-AjAnu
- Transcribing agency: JO-AjAnu
150 ## - HEADING--TOPICAL TERM
- Topical term or geographic name entry element: اللغة العربية - الألفاظ - معاني واستعمال
670 ## - SOURCE DATA FOUND
- Source citation: Work cat.: (JO-AjAnu)20499: تاليف أبي االاجدابي الطرابلسي، أبي إسحق إبراهيم بن إسماعيل بن إحمد بن عبدالله؛ تحقيق وتنسيق عبد الرزاق الهلالي, author 39983, كتاب كفاية المتحفظ وغاية المتلفظ في اللغة العربية